000 00461cam a2200181ua 4500
001 6548
008 131221n ii |||gr||||Z||||||asm
040 _cMAIN
082 _a519.5
245 1 1 _aUchhatar madhyamic ganit
_cBy Mahendra nath Barua
250 _a1st ed.
260 _aGuwahati:
_bArun prakashan,
_c1998.
300 _aviii,112p.
653 _aCommerce
653 _aUchhatar madhyamic ganit
700 1 _aBarua,Mahendra Nath,
_eAuthor.
942 _cBK
999 _c5697
_d5697